000
00353nam a2200145 a 4500
005
20140414132105.0
008
100823s19uu xx 00 eng d
050
_a
VCD
_b
Al2
100
_a
Rich, Richard
245
_a
Alexander Graham Bell.
260
_c
2001.
300
_a
30 mins / Color / Stereo
650
_a
Telephone inventor
999
_c
114578
_d
114578